00696nam a2200181 a 450000100100000000500170001000800410002704000250006808200210009324501050011424600790021925000120029826000390031030000200034904900090036995201190037899900170049700003114320200930062730.0110614s2000 dr 000 0 spa d aDO-SdBNPbspacBNPHU axxxxbP121, 200000aPacto de ética electoral :buna propuesta desde la sociedad civil. Elecciones presidenciales 2000.14aConvocatoria pública para la suscripción de un pacto ético electoral a2a. ed. aSanto Domingo :bMediabyte,c2000. a22 p. ;c21 cm. aBNPD 0010718PDaPDbPDcCTd2011-06-14iLF1l0oxxxx P121, 2000p31143-10r2020-06-25w2020-06-25yLFPDZNo se presta c30635d30635